000
00320nam a2200133Ia 4500
100
_a
Sirohi/ R.S/ Radha Krishna/ H.C.
942
_c
BK
654
_a
Mechanical measurements
245
_a
Mechanical measurements
260
_b
Wiley eastern
_a
New Delhi
_c
1983
082
_a
620.0044
300
_a
256
546
_a
ENGLISH
999
_c
18889
_d
18889